01177nam a2200193Ia 4500001001000000003001000010008004100020040002500061041001300086100003500099245006100134250001100195260008600206300002700292500025800319501011400577520025800691650003400949L235-8928IT-CnALBA170116s9999||||xx |||||||||||||| ||und|| aIT-CnALBAcIT-CnALBA aITALIANO aBORGHERIO POMPEO, DOTT., TEOL. 0aVITA DI S. GIUDA TADDEO, CUGINO E APOSTOLO DEL SIGNORE.  a1a ed. aTORINObMONTRUCCHIO G. TIPOGRAFIA c1933 [1° Ed.:1933 - Ed.Ling.Originale: 1933] a192 p. (prefazione: 3) aILLUSTRAZIONI NEL TESTO. PESCATORI. PARENTE DI GESÙ. AGRICOLTORE E PASTORE. CANA. SEQUELA. DISCORSO DELL'AMORE. GIUDA E IL RE ABGARO DI EDESSA. GERUSALEMME. EVANGELIZZAZIONE DELLA PERSIA. LETTERA DI GIUDA. CENNI STORICI. MARTIRIO E CULTO DI S. GIUDA.  aSocietà San Paolo EM - Piazza San Paolo, 14 - 12051 ALBA (CN) (non commercial uses only) ® Copyright 2017 aILLUSTRAZIONI NEL TESTO. PESCATORI. PARENTE DI GESÙ. AGRICOLTORE E PASTORE. CANA. SEQUELA. DISCORSO DELL'AMORE. GIUDA E IL RE ABGARO DI EDESSA. GERUSALEMME. EVANGELIZZAZIONE DELLA PERSIA. LETTERA DI GIUDA. CENNI STORICI. MARTIRIO E CULTO DI S. GIUDA.  aMARIA SS. ANGELI SANTI DEMONI